000 01050nam a22003377a 4500
003 CHAP
005 20220329134920.0
008 971013s1977 r 00010 d
010 _a28017
011 _a28989
035 _a33100
040 _cCHAP
090 _aFolleto 9431
100 0 0 _aMcDowell, Robert E.
_973497
245 _aRuminant product
_b: more than meat and milk
260 _aMorriton :
_bWinrock International Levestock Research & Training Center,
_c1977
300 _a28 p.
_b: ilus. ; gráfs
490 _aWinrock report
590 _aBATCH-UPD
_b10
_c20130110
_lUCH01
_h1516
590 _aBATCH-UPD
_b10
_c20130410
_lUCH01
_h0930
590 _aBATCH-UPD
_b10
_c20130914
_lUCH01
_h1326
590 _aCONVERSION
_b10
_c20130109
_lUCH01
_h1316
650 1 4 _aAnimales de traccion.
_95885
650 1 4 _aEstiércol.
_938313
650 1 4 _aPieles.
_988006
650 1 4 _aRumiantes.
_9100840
830 0 _aWinrock report
_9122293
901 _aBK
942 _cFOLL
949 _aFolleto 9431
_bBC
_cFOLL
_d-76961
_eTS1
_i33100
_mDir
_si
_t892.00
999 _c28017
_d28017